[Event "EOBCC 2020"]
[Site "Online"]
[Date "2020.12.18"]
[Round "8.18"]
[White "Livaic, Leon"]
[Black "Moranda, Wojciech"]
[Result "1/2-1/2"]
[WhiteElo "2507"]
[BlackElo "2618"]
[Annotator "ChessBase"]
[PlyCount "158"]
[EventDate "2020.12.18"]
[EventType "tourn"]
[EventCountry "NET"]
[SourceTitle "playchess.com"]
[Source "ChessBase"]
[SourceQuality "1"]

1. d4 Nf6 2. c4 e6 3. Nf3 d5 4. Nc3 c6 5. Bg5 Nbd7 6. cxd5 exd5 7. Qc2 Qa5 8. e3 Ne4 9. Bd3 Nxg5 10. Nxg5 h6 11. Nf3 Bd6 12. O-O O-O 13. a3 Qd8 14. b4 a6 15. Rab1 Re8 16. a4 Nf6 17. b5 axb5 18. axb5 Bg4 19. Nd2 c5 20. dxc5 Bxc5 21. Nb3 Bd6 22. h3 Bd7 23. Bf5 Rc8 24. Bxd7 Qxd7 25. Qd3 Bb8 26. Ne2 Ne4 27. Nbd4 Qd6 28. g3 Qf6 29. Kg2 Be5 30. Nf3 Bb8 31. Rfc1 Rcd8 32. Rb4 Ba7 33. b6 Bxb6 34. Rcb1 Bc5 35. Rxb7 Nxf2 36. Kxf2 Rxe3 37. Qxe3 Bxe3+ 38. Kxe3 Re8+ 39. Kf2 Qe6 40. Ned4 Qxh3 41. Rb8 Rxb8 42. Rxb8+ Kh7 43. Re8 Qd7 44. Re5 f6 45. Re6 Qa7 46. Kg2 Qa2+ 47. Re2 Qc4 48. Re6 Qd3 49. Re1 h5 50. Ne6 Qc2+ 51. Kh3 Qf5+ 52. Kg2 Qc2+ 53. Kg1 g5 54. Nfd4 Qc3 55. Kf2 Kg6 56. Re3 Qd2+ 57. Re2 Qc3 58. Rc2 Qd3 59. Rc8 Qd2+ 60. Kg1 Qd1+ 61. Kg2 Qd2+ 62. Kg1 Qe1+ 63. Kg2 Qe4+ 64. Kf2 h4 65. gxh4 Qxh4+ 66. Ke3 Qe4+ 67. Kf2 g4 68. Rg8+ Kh7 69. Rg7+ Kh8 70. Rf7 Qe5 71. Kg2 Qh5 72. Rf8+ Kh7 73. Rxf6 Qh3+ 74. Kg1 Qe3+ 75. Kf1 Qd3+ 76. Kg2 Qh3+ 77. Kg1 Qg3+ 78. Kf1 Qd3+ 79. Kg2 Qh3+ 1/2-1/2

[Event "EOBCC 2020"]
[Site "Online"]
[Date "2020.12.18"]
[Round "8.19"]
[White "Krzyzanowski, Marcin"]
[Black "Piorun, Kacper"]
[Result "1-0"]
[WhiteElo "2503"]
[BlackElo "2615"]
[Annotator "ChessBase"]
[PlyCount "109"]
[EventDate "2020.12.18"]
[EventType "tourn"]
[EventCountry "NET"]
[SourceTitle "playchess.com"]
[Source "ChessBase"]
[SourceQuality "1"]

1. c4 g6 2. d4 Bg7 3. g3 Nf6 4. Bg2 d6 5. Nf3 Bf5 6. Nc3 Ne4 7. Qb3 Nxc3 8. bxc3 Bc8 9. O-O O-O 10. e4 c5 11. h3 Nc6 12. Be3 b6 13. Rfd1 Qc7 14. Bf1 Na5 15. Qc2 Ba6 16. Nd2 e5 17. d5 f5 18. f4 Rae8 19. exf5 gxf5 20. Re1 Qf7 21. Kh2 Qg6 22. Bd3 e4 23. Be2 Kh8 24. Rg1 Bh6 25. Qd1 Qf6 26. Rc1 Rg8 27. Rg2 Rg6 28. Qf1 Rf8 29. Nb3 Nb7 30. Nd4 Nd8 31. Nb5 Bxb5 32. cxb5 Qe7 33. c4 Bg7 34. Rd1 Rh6 35. a4 Bc3 36. g4 fxg4 37. Rxg4 Nf7 38. Qg2 Rf6 39. Rg1 Nh6 40. Rg5 Rf5 41. Rg3 Qe8 42. Bd1 R5f7 43. Bxc5 bxc5 44. Rxc3 Nf5 45. Bh5 Nh4 46. Bxf7 Rxf7 47. Qb2 Nf5 48. Rcg3+ Nd4 49. a5 Rf8 50. b6 axb6 51. axb6 Qf7 52. Rg4 h5 53. Rh4 Kh7 54. Kh1 Nf3 55. Rxh5+ 1-0

[Event "EOBCC 2020"]
[Site "Online"]
[Date "2020.12.18"]
[Round "8.20"]
[White "Smirin, Ilia"]
[Black "Costachi, Mihnea"]
[Result "0-1"]
[WhiteElo "2614"]
[BlackElo "2471"]
[Annotator "ChessBase"]
[PlyCount "62"]
[EventDate "2020.12.18"]
[EventType "tourn"]
[EventCountry "NET"]
[SourceTitle "playchess.com"]
[Source "ChessBase"]
[SourceQuality "1"]

1. e4 e5 2. Nf3 Nc6 3. Bb5 a6 4. Ba4 d6 5. O-O g6 6. c4 Bg7 7. d4 exd4 8. Nxd4 Bd7 9. Nxc6 Bxc6 10. Bxc6+ bxc6 11. c5 Nf6 12. Nc3 O-O 13. Qa4 Qd7 14. Bf4 Rfe8 15. Rad1 Qg4 16. Bg3 dxc5 17. Qxc6 Rab8 18. f3 Qc8 19. b3 Nh5 20. Nd5 Nxg3 21. hxg3 Bd4+ 22. Rxd4 cxd4 23. Nf6+ Kg7 24. Nxe8+ Qxe8 25. Qxc7 Rd8 26. Rd1 Kg8 27. Kh2 d3 28. Rd2 h5 29. Qc4 Qd7 30. Qxa6 Qd4 31. Qd6 Rxd6 0-1

[Event "EOBCC 2020"]
[Site "Online"]
[Date "2020.12.18"]
[Round "8.21"]
[White "Pakleza, Zbigniew"]
[Black "Shevchenko, Kirill"]
[Result "1-0"]
[WhiteElo "2501"]
[BlackElo "2592"]
[Annotator "ChessBase"]
[PlyCount "159"]
[EventDate "2020.12.18"]
[EventType "tourn"]
[EventCountry "NET"]
[SourceTitle "playchess.com"]
[Source "ChessBase"]
[SourceQuality "1"]

1. d4 Nf6 2. Nf3 g6 3. Bf4 Bg7 4. e3 O-O 5. Be2 b6 6. h3 Bb7 7. O-O d6 8. c3 Nbd7 9. Nbd2 Re8 10. Bh2 a6 11. a4 e5 12. Qb3 Qe7 13. Rfd1 Ne4 14. Nxe4 Bxe4 15. Nd2 Bb7 16. Bf3 Bxf3 17. Nxf3 Qe6 18. d5 Qe7 19. Qc4 Nc5 20. e4 b5 21. axb5 axb5 22. Qe2 Qd7 23. b4 Na4 24. Qc2 c6 25. c4 cxd5 26. Rxd5 Nb6 27. Rdd1 Nxc4 28. Nd2 Nxd2 29. Qxd2 Qc6 30. f3 Bf8 31. Rac1 Qb6+ 32. Kh1 Rac8 33. Bg1 Qb8 34. Qd3 Bh6 35. Ra1 Rc4 36. Ra7 Rxb4 37. Qd5 Rf8 38. Rda1 Rc4 39. Rb7 Qe8 40. Raa7 Rc1 41. Re7 Qd8 42. Rxf7 Rxg1+ 43. Kxg1 Be3+ 44. Kh2 Bxa7 45. Rd7+ Kh8 46. Rxd8 Rxd8 47. Qxb5 Bc5 48. Qb7 Rf8 49. Qe7 Kg8 50. h4 Rf7 51. Qe6 Kg7 52. Kh3 Rf6 53. Qe7+ Rf7 54. Qe8 h5 55. Qc6 Rf6 56. Qa4 Rf7 57. Qc2 Bd4 58. Qd2 Rf6 59. Qg5 Rf7 60. Kh2 Bf2 61. Qd8 Bc5 62. Qc8 Rf6 63. Qa6 Rf7 64. Qd3 Rf6 65. g3 Rf7 66. Kg2 Ra7 67. Qc4 Rb7 68. Qa4 Rb2+ 69. Kh3 Bg1 70. g4 Rb7 71. Qc6 Rf7 72. Qxd6 Bd4 73. Kg2 hxg4 74. fxg4 Rf4 75. Kg3 Bf2+ 76. Kh3 Bd4 77. g5 Rf7 78. h5 gxh5 79. Qh6+ Kg8 80. g6 1-0

[Event "EOBCC 2020"]
[Site "Online"]
[Date "2020.12.18"]
[Round "8.22"]
[White "Dourerassou, Jonathan"]
[Black "Hakobyan, Aram"]
[Result "1-0"]
[WhiteElo "2477"]
[BlackElo "2598"]
[Annotator "ChessBase"]
[PlyCount "93"]
[EventDate "2020.12.18"]
[EventType "tourn"]
[EventCountry "NET"]
[SourceTitle "playchess.com"]
[Source "ChessBase"]
[SourceQuality "1"]

1. e4 e5 2. Nf3 Nf6 3. Nxe5 d6 4. Nf3 Nxe4 5. d4 Be7 6. Bd3 Nf6 7. O-O O-O 8. h3 Nc6 9. c3 h6 10. Bf4 Be6 11. Nbd2 Qd7 12. Re1 Rfe8 13. Nf1 Bf5 14. Bb5 a6 15. Ba4 b5 16. Bb3 Na5 17. Bc2 Nc4 18. b3 Nd5 19. bxc4 Nxf4 20. Bxf5 Qxf5 21. Ng3 Qg6 22. Re4 Bg5 23. Rxe8+ Rxe8 24. cxb5 axb5 25. Qb3 Qd3 26. h4 Bf6 27. Rd1 Qc4 28. Rb1 Ra8 29. Qxb5 Qxa2 30. Re1 Qd5 31. Qd7 Nd3 32. Re3 Ra1+ 33. Kh2 Nxf2 34. Re2 Nd3 35. Re8+ Kh7 36. Ne4 Be5+ 37. Nxe5 Qxe4 38. Nxd3 Qxd3 39. Qxf7 Rf1 40. Qg8+ Kg6 41. Re6+ Rf6 42. h5+ Kg5 43. Qxg7+ Kh4 44. g3+ Kxh5 45. g4+ Kh4 46. Qxf6+ Kxg4 47. Qg6+ 1-0

[Event "EOBCC 2020"]
[Site "Online"]
[Date "2020.12.18"]
[Round "8.23"]
[White "Kollars, Dmitrij"]
[Black "Gavrilescu, David"]
[Result "1/2-1/2"]
[WhiteElo "2598"]
[BlackElo "2476"]
[Annotator "ChessBase"]
[PlyCount "152"]
[EventDate "2020.12.18"]
[EventType "tourn"]
[EventCountry "NET"]
[SourceTitle "playchess.com"]
[Source "ChessBase"]
[SourceQuality "1"]

1. e4 c5 2. Nf3 a6 3. c3 e6 4. d4 d5 5. exd5 exd5 6. Bd3 c4 7. Bc2 Bd6 8. O-O Ne7 9. Ne5 Nbc6 10. Re1 Bxe5 11. dxe5 Bf5 12. Nd2 O-O 13. Nf3 Qd7 14. Bg5 Ng6 15. Bxf5 Qxf5 16. Qxd5 Ncxe5 17. Rxe5 Nxe5 18. Qxe5 Qxe5 19. Nxe5 f6 20. Nd7 fxg5 21. Nxf8 Kxf8 22. Rd1 Ke7 23. f3 b5 24. Kf2 Ke6 25. Rd4 Rb8 26. Ke3 h6 27. Ke4 Rf8 28. Ke3 Rc8 29. g3 Rc7 30. Rd8 Kf6 31. Rf8+ Ke5 32. Re8+ Kd5 33. Rd8+ Ke5 34. Rb8 Rc6 35. a4 bxa4 36. Rb4 Kd5 37. Rxa4 Rb6 38. Ra2 Re6+ 39. Kd2 Rb6 40. Kc2 Ke6 41. Ra5 Rc6 42. Kb1 Kf7 43. Ka2 Rf6 44. Rc5 Rxf3 45. Rxc4 Rf2 46. h4 gxh4 47. gxh4 g5 48. hxg5 hxg5 49. Ka3 Kg6 50. Rc8 Rf7 51. Rc6+ Rf6 52. Rc8 g4 53. c4 Kf5 54. c5 g3 55. Rg8 Rg6 56. Rxg6 Kxg6 57. c6 g2 58. c7 g1=Q 59. c8=Q Qb6 60. b4 Kf6 61. Qe8 Qb5 62. Qe4 a5 63. Qf4+ Ke6 64. Qe3+ Kf5 65. Qf3+ Ke6 66. Qe4+ Kd6 67. Qf4+ Kc6 68. Qf6+ Kb7 69. Qe7+ Ka6 70. Qd6+ Qb6 71. Qd3+ Qb5 72. Qd6+ Qb6 73. Qd3+ Qb5 74. Qg6+ Qb6 75. Qxb6+ Kxb6 76. bxa5+ Kxa5 1/2-1/2

[Event "EOBCC 2020"]
[Site "Online"]
[Date "2020.12.18"]
[Round "8.24"]
[White "Muradli, Mahammad"]
[Black "Safarli, Eltaj"]
[Result "0-1"]
[WhiteElo "2449"]
[BlackElo "2598"]
[Annotator "ChessBase"]
[PlyCount "84"]
[EventDate "2020.12.18"]
[EventType "tourn"]
[EventCountry "NET"]
[SourceTitle "playchess.com"]
[Source "ChessBase"]
[SourceQuality "1"]

1. Nf3 Nf6 2. c4 g6 3. Nc3 Bg7 4. e4 e5 5. d4 exd4 6. Nxd4 O-O 7. Be2 Nc6 8. Be3 Re8 9. f3 d6 10. O-O Nh5 11. Rf2 f5 12. c5 dxc5 13. Nxc6 bxc6 14. Bxc5 Nf4 15. Bf1 Ne6 16. Rd2 Qg5 17. Bf2 Kh8 18. Qc2 f4 19. Rad1 c5 20. Kh1 Nd4 21. Qc1 Be6 22. Nb5 Bxa2 23. Nxd4 cxd4 24. Bxd4 Bxd4 25. Rxd4 Qe5 26. Qc3 c5 27. R4d3 Bg8 28. Qc1 Rab8 29. Rc3 Rec8 30. Rd2 Rc7 31. Bc4 Bxc4 32. Rxc4 Kg7 33. h3 Rb6 34. Qc2 Rd6 35. Rxd6 Qxd6 36. b4 Rb7 37. Rxc5 Rxb4 38. Qc3+ Qd4 39. Rc7+ Kh6 40. Qxd4 Rxd4 41. Rxa7 Rd1+ 42. Kh2 g5 0-1

[Event "EOBCC 2020"]
[Site "Online"]
[Date "2020.12.18"]
[Round "8.26"]
[White "Bazeev, German"]
[Black "Bogner, Sebastian"]
[Result "0-1"]
[WhiteElo "2398"]
[BlackElo "2577"]
[Annotator "ChessBase"]
[PlyCount "60"]
[EventDate "2020.12.18"]
[EventType "tourn"]
[EventCountry "NET"]
[SourceTitle "playchess.com"]
[Source "ChessBase"]
[SourceQuality "1"]

1. d4 Nf6 2. Nf3 e6 3. c4 b6 4. Nc3 Bb4 5. Bg5 Bb7 6. Nd2 h6 7. Bh4 Nc6 8. e3 Ne7 9. Rc1 Nf5 10. Bg3 Nxg3 11. hxg3 c5 12. a3 Bxc3 13. Rxc3 Rc8 14. b4 d5 15. bxc5 bxc5 16. cxd5 Qxd5 17. Qa4+ Nd7 18. Bb5 cxd4 19. Rxc8+ Bxc8 20. e4 Qd6 21. Qxa7 O-O 22. Nc4 Qc5 23. Qxc5 Nxc5 24. f3 Bb7 25. Ke2 Rb8 26. Nd6 Ba6 27. Bxa6 Rb2+ 28. Kd1 Rb1+ 29. Kc2 Rxh1 30. Bc4 Rg1 0-1

[Event "EOBCC 2020"]
[Site "Online"]
[Date "2020.12.18"]
[Round "8.27"]
[White "Efimov, Igor"]
[Black "Sanal, Vahap"]
[Result "0-1"]
[WhiteElo "2416"]
[BlackElo "2557"]
[Annotator "ChessBase"]
[PlyCount "62"]
[EventDate "2020.12.18"]
[EventType "tourn"]
[EventCountry "NET"]
[SourceTitle "playchess.com"]
[Source "ChessBase"]
[SourceQuality "1"]

1. d4 d5 2. Bg5 c5 3. dxc5 Nc6 4. c3 h6 5. Bh4 g5 6. Bg3 Bg7 7. Nd2 e5 8. e4 Nge7 9. exd5 Nxd5 10. Ne4 O-O 11. Bc4 Be6 12. Nd6 Nce7 13. h4 g4 14. h5 Qc7 15. b4 Nxc3 16. Qb3 Ncd5 17. Rd1 a5 18. a3 axb4 19. axb4 Rfd8 20. Ne2 b6 21. Nc3 Nxc3 22. Bxe6 Nxd1 23. Bxf7+ Kh8 24. O-O bxc5 25. bxc5 Qxc5 26. Ne4 Qd4 27. Re1 Ra1 28. Qe6 Nc3 29. Rxa1 Ne2+ 30. Kh2 Qxa1 31. Qxe7 Qg1# 0-1

[Event "EOBCC 2020"]
[Site "Online"]
[Date "2020.12.18"]
[Round "8.28"]
[White "Hjartarson, Johann"]
[Black "Sjugirov, Sanan"]
[Result "0-1"]
[WhiteElo "2525"]
[BlackElo "2663"]
[Annotator "ChessBase"]
[PlyCount "70"]
[EventDate "2020.12.18"]
[EventType "tourn"]
[EventCountry "NET"]
[SourceTitle "playchess.com"]
[Source "ChessBase"]
[SourceQuality "1"]

1. d4 Nf6 2. c4 g6 3. Nc3 Bg7 4. e4 d6 5. Be2 O-O 6. Be3 e5 7. d5 Na6 8. Qd2 Nc5 9. f3 a5 10. Bd1 Nh5 11. Nge2 f5 12. Bc2 f4 13. Bf2 Bd7 14. O-O-O a4 15. Kb1 b6 16. Nc1 Rf7 17. Nd3 Bf8 18. Nb4 Qe8 19. Rc1 Rg7 20. Bd1 g5 21. h3 Nf6 22. Be2 h5 23. Nb5 Rc8 24. Na7 Ra8 25. Nac6 Qg6 26. Nd3 Ncxe4 27. fxe4 Nxe4 28. Qe1 Nxf2 29. Qxf2 e4 30. Nxf4 gxf4 31. Qxf4 Rf7 32. Qh4 e3+ 33. Ka1 a3 34. Qxh5 Qxh5 35. Bxh5 Rf2 0-1

[Event "EOBCC 2020"]
[Site "Online"]
[Date "2020.12.18"]
[Round "8.29"]
[White "Olszewski, Michal"]
[Black "Saric, Ivan"]
[Result "1/2-1/2"]
[WhiteElo "2525"]
[BlackElo "2652"]
[Annotator "ChessBase"]
[PlyCount "107"]
[EventDate "2020.12.18"]
[EventType "tourn"]
[EventCountry "NET"]
[SourceTitle "playchess.com"]
[Source "ChessBase"]
[SourceQuality "1"]

1. e4 c5 2. Nf3 Nc6 3. Nc3 g6 4. d4 cxd4 5. Nxd4 Bg7 6. Nde2 a6 7. a4 Rb8 8. g3 b5 9. axb5 axb5 10. Bg2 b4 11. Nd5 e6 12. Ne3 Nge7 13. O-O O-O 14. f4 Qb6 15. e5 Nf5 16. Qd3 d6 17. g4 Nh4 18. exd6 Nxg2 19. Kxg2 Bb7 20. Kg3 Rbd8 21. Rd1 g5 22. Nc4 Qb5 23. fxg5 Ba6 24. Nf4 Nd4 25. Rxa6 Qxa6 26. Nh5 Rc8 27. b3 e5 28. Nxg7 Kxg7 29. Bb2 Kg8 30. Bxd4 exd4 31. Qxd4 Qb5 32. d7 Rcd8 33. Ne3 Qxg5 34. Nf5 h5 35. h3 Kh7 36. Qxb4 Rg8 37. Qe4 Rg6 38. Ne7 f5 39. Nxf5 Rdg8 40. d8=Q Rxd8 41. Rxd8 Qxd8 42. Ne7 Qd6+ 43. Kf3 Qf6+ 44. Ke2 Qe6 45. Kd3 Qxe4+ 46. Kxe4 Re6+ 47. Kd5 Rxe7 48. gxh5 Re2 49. c4 Rb2 50. c5 Rxb3 51. c6 Rxh3 52. Kd6 Rc3 53. c7 Kh6 54. Kd7 1/2-1/2

[Event "EOBCC 2020"]
[Site "Online"]
[Date "2020.12.18"]
[Round "8.30"]
[White "Kovalenko, Igor"]
[Black "Shahinyan, David"]
[Result "1/2-1/2"]
[WhiteElo "2643"]
[BlackElo "2452"]
[Annotator "TA"]
[PlyCount "216"]
[EventDate "2020.12.18"]
[EventType "tourn"]
[EventCountry "NET"]
[SourceTitle "playchess.com"]
[Source "ChessBase"]
[SourceQuality "1"]

1. d4 Nf6 2. Nf3 g6 3. Bf4 Bg7 4. e3 d6 5. h3 O-O 6. c3 c5 7. Nbd2 b6 8. a4 a6 9. Be2 Bb7 10. O-O Nbd7 11. Bh2 Qc7 12. Re1 Rfe8 13. Qc2 e5 14. dxe5 Nxe5 15. Nxe5 dxe5 16. e4 Rad8 17. Bf3 h5 18. Bg3 Nh7 19. Nc4 Ng5 20. Bd1 Ne6 21. Ne3 Nf4 22. Be2 Qc6 23. f3 Bh6 24. Bf1 Qf6 25. h4 Rd7 26. Rad1 Red8 27. Rxd7 Rxd7 28. Nc4 b5 29. axb5 axb5 30. Na3 c4 31. Rd1 Rxd1 32. Qxd1 Bc6 33. Nc2 Bf8 34. Bf2 Ne6 35. g3 Qe7 36. Bh3 Nc5 37. Nb4 Qc7 38. Qd2 Bb7 39. Qg5 Nd3 40. Nxd3 cxd3 41. Qd2 Qa5 42. Bf1 Qa1 43. Kg2 b4 44. cxb4 Ba6 45. Bxd3 Bxb4 46. Qxb4 Bxd3 47. Qb8+ Kh7 48. Qa7 Qf1+ 49. Kh2 Qb1 50. Qxf7+ Kh8 51. Qf8+ Kh7 52. Qe7+ Kg8 53. Qe6+ Kh7 54. Qd7+ Kg8 55. Qc8+ Kf7 56. Qc7+ Ke6 57. Qb6+ Kf7 58. Qb3+ Kf6 59. Qc3 Qf1 60. Qd2 Be2 61. Qe3 Kf7 62. b4 Bd1 63. Qa7+ Kg8 64. Qe3 Kf7 65. f4 Bg4 66. fxe5 Ke6 67. Qe1 Qd3 68. Qe3 Qf1 69. Qf4 Bh3 70. Qf6+ Kd7 71. e6+ Kc8 72. Qf8+ Kb7 73. Qf7+ Ka6 74. Qf3 Bxe6 75. Qe3 Kb5 76. Qb6+ Ka4 77. g4 Bxg4 78. Kg3 Qh3+ 79. Kf4 Qf3+ 80. Kg5 Qxe4 81. Bc5 Kb3 82. Qd6 Qf5+ 83. Kh6 Qe6 84. Qf4 Ka4 85. Kg5 Bf5 86. Qd4 Kb5 87. Qd8 Qe4 88. Qb6+ Kc4 89. Qa6+ Kb3 90. Qf1 Qg4+ 91. Kh6 Qxh4 92. b5 Qd8 93. Qf3+ Kc4 94. Qc6 Qh8+ 95. Kg5 Kd3 96. b6 h4 97. Qd6+ Ke2 98. b7 Qh5+ 99. Kf6 Qh8+ 100. Ke7 Qg7+ 101. Ke8 Qg8+ 102. Qf8 Qb3 103. Qe7+ Kf1 104. Bd6 Qg8+ 105. Qf8 Qe6+ 106. Qe7 Qg8+ 107. Qf8 Qe6+ 108. Qe7 Qg8+ 1/2-1/2

[Event "EOBCC 2020"]
[Site "Online"]
[Date "2020.12.18"]
[Round "8.31"]
[White "Tomczak, Jacek"]
[Black "Sorensen, Hampus"]
[Result "1-0"]
[WhiteElo "2610"]
[BlackElo "2395"]
[Annotator "ChessBase"]
[PlyCount "89"]
[EventDate "2020.12.18"]
[EventType "tourn"]
[EventCountry "NET"]
[SourceTitle "playchess.com"]
[Source "ChessBase"]
[SourceQuality "1"]

1. e4 e5 2. Nf3 Nc6 3. d4 exd4 4. Nxd4 Bc5 5. Be3 Qf6 6. c3 Nge7 7. g3 h5 8. Bg2 Bb6 9. Na3 d6 10. Nc4 Bg4 11. f3 Bd7 12. Nb5 Rc8 13. Bxb6 axb6 14. Nbxd6+ cxd6 15. Nxd6+ Kf8 16. Nxc8 Bxc8 17. f4 Bg4 18. Bf3 Bxf3 19. Qxf3 g6 20. O-O Kg7 21. Rad1 Rd8 22. Rxd8 Nxd8 23. Rd1 Nec6 24. Qe3 Qe6 25. a3 h4 26. Rd5 Qg4 27. Kg2 h3+ 28. Kf2 Ne6 29. Qf3 Qxf3+ 30. Kxf3 Nc5 31. b4 Na4 32. Rd3 Kf8 33. Kg4 Ke7 34. Kxh3 b5 35. Kg4 Nb2 36. Rd5 Na7 37. Rc5 Kd7 38. Kg5 Nc4 39. Kf6 Nd6 40. Rd5 Kc6 41. Rd4 Nac8 42. g4 Nb6 43. e5 Nd7+ 44. Ke7 Nc8+ 45. Kxf7 1-0

[Event "EOBCC 2020"]
[Site "Online"]
[Date "2020.12.18"]
[Round "8.32"]
[White "Rasulov, Vugar"]
[Black "Durarbayli, Vasif"]
[Result "1/2-1/2"]
[WhiteElo "2478"]
[BlackElo "2606"]
[Annotator "ChessBase"]
[PlyCount "84"]
[EventDate "2020.12.18"]
[EventType "tourn"]
[EventCountry "NET"]
[SourceTitle "playchess.com"]
[Source "ChessBase"]
[SourceQuality "1"]

1. e4 e5 2. Nf3 Nc6 3. Bc4 Bc5 4. c3 Nf6 5. d3 d6 6. Bb3 a6 7. Nbd2 Ba7 8. Nf1 Ne7 9. Ng3 Ng6 10. O-O O-O 11. h3 c6 12. d4 exd4 13. cxd4 d5 14. Bg5 h6 15. Bxf6 Qxf6 16. exd5 cxd5 17. Bxd5 Rd8 18. Bb3 Bxd4 19. Nxd4 Rxd4 20. Qc2 Bd7 21. Rad1 Rc8 22. Rxd4 Rxc2 23. Rxd7 Ne5 24. Rxb7 Rc8 25. Rd1 g6 26. Nf1 Qc6 27. Re7 Qf6 28. Rb7 Rd8 29. Re1 Rd7 30. Rxd7 Nxd7 31. Ne3 Nc5 32. Ng4 Qf4 33. Bd5 Qd2 34. Re7 Ne6 35. Rd7 Qc1+ 36. Kh2 h5 37. Bxe6 fxe6 38. Nf6+ Kf8 39. Nh7+ Ke8 40. Nf6+ Kf8 41. Nh7+ Ke8 42. Nf6+ Kf8 1/2-1/2

[Event "EOBCC 2020"]
[Site "Online"]
[Date "2020.12.18"]
[Round "8.33"]
[White "Heimann, Andreas"]
[Black "Gunnarsson, Arnar"]
[Result "1-0"]
[WhiteElo "2606"]
[BlackElo "2420"]
[Annotator "ChessBase"]
[PlyCount "69"]
[EventDate "2020.12.18"]
[EventType "tourn"]
[EventCountry "NET"]
[SourceTitle "playchess.com"]
[Source "ChessBase"]
[SourceQuality "1"]

1. d4 f5 2. g3 Nf6 3. Bg2 e6 4. c4 d5 5. Nc3 c6 6. Nh3 Bd6 7. O-O O-O 8. Bf4 b6 9. Bxd6 Qxd6 10. Nf4 Ba6 11. cxd5 exd5 12. Qa4 Bb7 13. Rac1 Nbd7 14. b4 a6 15. Qb3 Kh8 16. Nd3 Ne4 17. Rfd1 Rae8 18. e3 g5 19. a4 b5 20. a5 h5 21. Ne2 Rf6 22. Nc5 Bc8 23. f3 Nexc5 24. dxc5 Qe5 25. Rd3 h4 26. Qc3 Kh7 27. Kf2 Kg6 28. f4 Qxc3 29. Rcxc3 hxg3+ 30. hxg3 gxf4 31. exf4 Kf7 32. Nd4 Kg6 33. Re3 Rxe3 34. Rxe3 Kf7 35. Nxc6 1-0

[Event "EOBCC 2020"]
[Site "Online"]
[Date "2020.12.18"]
[Round "8.34"]
[White "Kuzmicz, Krystian"]
[Black "Postny, Evgeny"]
[Result "1-0"]
[WhiteElo "2469"]
[BlackElo "2605"]
[Annotator "ChessBase"]
[PlyCount "129"]
[EventDate "2020.12.18"]
[EventType "tourn"]
[EventCountry "NET"]
[SourceTitle "playchess.com"]
[Source "ChessBase"]
[SourceQuality "1"]

1. e4 e5 2. Nf3 Nc6 3. Nc3 Nf6 4. a3 d5 5. Bb5 d4 6. Ne2 Bd6 7. Ng3 O-O 8. O-O Ne7 9. Bc4 Ng6 10. d3 Kh8 11. h3 h6 12. Re1 Bd7 13. Nf5 Qc8 14. g4 Ng8 15. c3 c5 16. cxd4 Bb8 17. dxe5 Bxe5 18. Nxe5 Nxe5 19. Bf4 Nxc4 20. dxc4 Bxf5 21. exf5 Qc6 22. Qd5 Qf6 23. Qxb7 Rad8 24. Be5 Qh4 25. Qf3 Nf6 26. Rad1 Nh7 27. Kg2 Rxd1 28. Rxd1 Re8 29. Bg3 Qf6 30. b4 Ng5 31. Qd5 cxb4 32. axb4 Qc3 33. Rd3 Qxb4 34. h4 Nh7 35. Qxf7 Rf8 36. Qxa7 Qxc4 37. Qd4 Qf7 38. Be5 Re8 39. f4 Qb7+ 40. Kg3 h5 41. Qd7 Qxd7 42. Rxd7 Nf6 43. Bxf6 gxf6 44. g5 Re3+ 45. Kf2 Rh3 46. g6 Rxh4 47. Kf3 Rh1 48. Ke4 Re1+ 49. Kf3 Rf1+ 50. Kg3 Rg1+ 51. Kf2 Ra1 52. Rf7 Ra6 53. Kg3 Kg8 54. Kh4 Rb6 55. Kxh5 Ra6 56. Rb7 Ra8 57. Kh6 Rc8 58. g7 Ra8 59. Kg6 Rc8 60. Rf7 Ra8 61. Rf8+ Rxf8 62. gxf8=Q+ Kxf8 63. Kxf6 Kg8 64. Ke7 Kg7 65. f6+ 1-0

[Event "EOBCC 2020"]
[Site "Online"]
[Date "2020.12.18"]
[Round "8.35"]
[White "Kacharava, Nikolozi"]
[Black "Banikas, Hristos"]
[Result "0-1"]
[WhiteElo "2443"]
[BlackElo "2602"]
[Annotator "TA"]
[PlyCount "137"]
[EventDate "2020.12.18"]
[EventType "tourn"]
[EventCountry "NET"]
[SourceTitle "playchess.com"]
[Source "ChessBase"]
[SourceQuality "1"]

1. e4 c5 2. Nf3 d6 3. d4 cxd4 4. Qxd4 Nc6 5. Bb5 Bd7 6. Bxc6 Bxc6 7. Nc3 h6 8. Nd2 Nf6 9. Nc4 g6 10. Ne3 Bg7 11. Qd3 O-O 12. O-O Nd7 13. Ned5 Nc5 14. Qe2 e6 15. Nb4 Bd7 16. Bf4 Qb6 17. Nd3 Nxd3 18. cxd3 Rac8 19. Rac1 Rfd8 20. Qd2 Kh7 21. Be3 Qa5 22. f4 d5 23. e5 d4 24. Bxd4 Bc6 25. Be3 b5 26. a3 Ba8 27. Ne2 Qxd2 28. Bxd2 Rxc1 29. Nxc1 Bf8 30. Be3 a6 31. Rd1 Rc8 32. Na2 a5 33. Rc1 Rd8 34. Kf2 b4 35. axb4 axb4 36. Ke2 Bxg2 37. Bc5 b3 38. Nb4 Rc8 39. d4 h5 40. Rc3 Bh6 41. Nd3 Bd5 42. Ke3 g5 43. fxg5 Bxg5+ 44. Ke2 Bh6 45. Nb4 Be4 46. Rxb3 h4 47. h3 Rg8 48. Nd3 Rg2+ 49. Nf2 Bd5 50. Rc3 Bf4 51. Kf1 Rh2 52. Rc2 Bg3 53. b4 Bg2+ 54. Kg1 Be4 55. Nxe4 Rxc2 56. Nxg3 hxg3 57. b5 Rb2 58. b6 Kg6 59. d5 exd5 60. Bd4 Rb4 61. Bc5 Rb5 62. Bd6 Rxb6 63. Kg2 Rb3 64. e6 fxe6 65. Bxg3 Kf5 66. h4 e5 67. h5 Rxg3+ 68. Kxg3 Kg5 69. Kf3 0-1

[Event "EOBCC 2020"]
[Site "Online"]
[Date "2020.12.18"]
[Round "8.36"]
[White "Migot, Tangi"]
[Black "Gajewski, Grzegorz"]
[Result "0-1"]
[WhiteElo "2353"]
[BlackElo "2596"]
[Annotator "ChessBase"]
[PlyCount "100"]
[EventDate "2020.12.18"]
[EventType "tourn"]
[EventCountry "NET"]
[SourceTitle "playchess.com"]
[Source "ChessBase"]
[SourceQuality "1"]

1. e4 c5 2. Nf3 e6 3. d4 cxd4 4. Nxd4 a6 5. Nc3 Qc7 6. Bd3 Nf6 7. O-O d6 8. Kh1 Be7 9. f4 Nbd7 10. Nf3 b5 11. Qe2 Bb7 12. e5 Ng4 13. h3 h5 14. Be4 Bxe4 15. Qxe4 d5 16. Qe2 Bc5 17. a4 b4 18. Nd1 Qa7 19. Bd2 Rc8 20. Rc1 Nf8 21. c4 d4 22. Ne1 d3 23. Nxd3 Bd4 24. Bxb4 Ng6 25. Bc3 Ne7 26. b3 Nf5 27. Rf3 Bg1 28. b4 Rd8 29. c5 Bd4 30. Qe4 Bxc3 31. Nxc3 Rd4 32. Qe2 Qd7 33. Rd1 Ke7 34. c6 Qxc6 35. Nc5 Rxd1+ 36. Qxd1 Rd8 37. Qe2 Nd4 38. Qxa6 Qxa6 39. Nxa6 Nxf3 40. gxf3 Ne3 41. b5 Nc4 42. Nb4 Rd2 43. Nc6+ Kd7 44. Ne4 Rb2 45. Nd4 Ne3 46. a5 Nf5 47. Nc6 Rxb5 48. a6 Kxc6 49. a7 Ra5 50. Nd6 Nxd6 0-1

[Event "EOBCC 2020"]
[Site "Online"]
[Date "2020.12.18"]
[Round "8.37"]
[White "Keymer, Vincent"]
[Black "Yatzenko, Anton"]
[Result "1-0"]
[WhiteElo "2588"]
[BlackElo "2379"]
[Annotator "ChessBase"]
[PlyCount "43"]
[EventDate "2020.12.18"]
[EventType "tourn"]
[EventCountry "NET"]
[SourceTitle "playchess.com"]
[Source "ChessBase"]
[SourceQuality "1"]

1. Nf3 d5 2. e3 Nf6 3. c4 c6 4. Nc3 e6 5. b3 Bd6 6. Bb2 O-O 7. h3 Nbd7 8. Qc2 Re8 9. g4 a6 10. g5 Nh5 11. Be2 Qe7 12. O-O-O g6 13. h4 Ba3 14. Nh2 b5 15. Ng4 bxc4 16. Nh6+ Kf8 17. Bxh5 Ne5 18. Be2 Rb8 19. Nb1 cxb3 20. Bxa3 bxc2 21. Bxe7+ Kxe7 22. Kxc2 1-0